Statistics for European Countries NOT bordering Landlocked Countries

Click here to take the quiz!

General Stats

  • This quiz has been taken 165 times
  • The average score is 14 of 18

Answer Stats

Country% Correct
Norway
98%
United Kingdom
98%
Ireland
97%
Sweden
95%
Finland
94%
Portugal
94%
Denmark
91%
Estonia
87%
Iceland
82%
Malta
81%
Netherlands
77%
San Marino
73%
Vatican City
73%
Monaco
72%
Andorra
61%
Luxembourg
52%
Moldova
49%
Belarus
34%

Score Distribution

Percentile by Number Answered

Percent of People with Each Score

Your Score History

You have not taken this quiz